000 00500nam a2200241Ia 4500
001 071047
003 YMCAF
005 20230512160704.0
008 100717s1971 ||||||||||||||||| ||und|d
020 _a-
024 _a71047
035 _a10510
040 _aYMCAF
_beng
_cIN-KoLT
041 _aeng
082 _a620.3
_bVAJ
100 _aVAJPAEE, S
245 0 _aMECHANICAL VIBRATION THROUGHT
250 _a-
260 _c1971
300 _a539
653 _aMechanical
942 _2ddc
_cBK
999 _c5903
_d5903